| 000 | 01483nam a22003377a 4500 | ||
|---|---|---|---|
| 003 | DO-SdBPM | ||
| 005 | 20241121073725.0 | ||
| 008 | 100322s2019 dr 1 000 0 spa d | ||
| 020 | _a9789945613278 (v. 1) | ||
| 020 | _a9789945613285 (v. 2) | ||
| 040 |
_aDO-SdBPM _bspa _cBPMSU |
||
| 082 | 4 |
_a196.1 _bJ61a 2019 _222 |
|
| 100 | 1 |
_aJiménez Grullón, Juan Isidro, _d1903-1983 |
|
| 245 | 1 | 3 |
_aAl margen de Ortega y Gasset : _b(crítica a El tema de nuestro tiempo) / _cJ. I. Jiménez-Grullón |
| 250 | _a2a. ed. | ||
| 260 |
_aSanto Domingo : _bArchivo General de la Nación, _c2019. |
||
| 300 |
_av. ; _c23 cm. |
||
| 490 | 0 |
_aArchivo General de la Nación ; _v363-364 |
|
| 500 | _aIncluye datos biográficos del autor en la solapa de la cubierta | ||
| 500 | _aIncluye índice onomástico. | ||
| 505 |
_gv.1. _t Crítica a "El tema de nuestro tiempo."- _a _gv.2. _tCrítica a "En torno a Galileo." _gv.3 _tCrítica a "La rebelión de las masas.. |
||
| 590 | _aInventariado, 2024/ VM | ||
| 600 | 1 | 4 |
_aOrtega y Gasset, José, _d1883-1955. _xCrítica e interpretación |
| 600 | 1 | 4 |
_aOrtega y Gasset, José, _d1883-1955. _tTema de nuestro tiempo. |
| 600 | 1 | 4 |
_aOrtega y Gasset, José, _d1883-1955 _tEn torno a Galileo. |
| 600 | 1 | 4 |
_aOrtega y Gasset, José, _d1883-1955. _tRebelión de las masas. |
| 650 | 4 |
_aBioética _xAspectos sociales |
|
| 710 | 2 | _aArchivo General de la Nación (República Dominicana) | |
| 910 | _aVMateo V. Control de calidad. BPMSU | ||
| 942 |
_2ddc _cBK |
||
| 999 |
_c14867 _d14867 |
||